000
00257nam a2200097Ia 4500
008
230915s9999 xx 000 0 und d
050
_a
QP34.5.M37.C.6
100
_a
ELAINE NICPON MARIEB
245
0
_a
ESSENTIALS OF HUMAN ANATOMY AND PHYSIOLOGY
942
_c
BK
999
_c
193936
_d
193936